Online
Catalog

Education in world affairs : (Record no. 19466)

MARC details
000 -CABECERA
campo de control de longitud fija 00665nam a2200193 4500
001 - NÚMERO DE CONTROL
campo de control 000019953
005 - FECHA Y HORA DE LA ÚLTIMA TRANSACCIÓN
campo de control 20200929170214.0
008 - DATOS DE LONGITUD FIJA--INFORMACIÓN GENERAL
campo de control de longitud fija 700601s1970 xxu b 001 0 eng
040 ## - FUENTE DE LA CATALOGACIÓN
Centro catalogador/agencia de origen DO-SdBNP
Centro/agencia transcriptor spa
Centro/agencia modificador BNPHU
100 1# - ENTRADA PRINCIPAL--NOMBRE DE PERSONA
Nombre de persona Melvin, Kenneth Hector.
9 (RLIN) 42545
245 10 - MENCIÓN DE TÍTULO
Título Education in world affairs :
Resto del título a realistic approach to international education /
Mención de responsabilidad, etc. Kenneth Melvin.
260 ## - PUBLICACIÓN, DISTRIBUCIÓN, ETC.
Lugar de publicación, distribución, etc. Lexington :
Nombre del editor, distribuidor, etc. Heath,
Fecha de publicación, distribución, etc. 1970.
300 ## - DESCRIPCIÓN FÍSICA
Extensión 198 p. ;
Dimensiones 24 cm.
490 14 - MENCIÓN DE SERIE
Mención de serie The Heath foundations of education
500 ## - NOTA GENERAL
Nota general Incluye índice.
504 ## - NOTA DE BIBLIOGRAFÍA, ETC.
Nota de bibliografía, etc. Bibliography: p. [187]-194.
650 #0 - PUNTO DE ACCESO ADICIONAL DE MATERIA--TÉRMINO DE MATERIA
Término de materia o nombre geográfico como elemento de entrada International education
9 (RLIN) 42546
830 #0 - PUNTO DE ACCESO ADICIONAL DE SERIE-TÍTULO UNIFORME
Título uniforme The Heath foundations of education
9 (RLIN) 42547
Holdings
Estado de retiro Estado de pérdida Restricciones de uso No para préstamo Código de colección Localización permanente Ubicación/localización actual Ubicación en estantería Fecha de adquisición Número de inventario Total de préstamos Signatura topográfica completa Código de barras Fecha visto por última vez Precio válido a partir de Tipo de ítem Koha
      Excluido de préstamo Monografías: Libros y Folletos General General En catalogación 09.07.2010 LF1   19953-10 25.06.2020 25.06.2020 No se presta

Powered by Koha